Hidden Neighbors of Hungary Quiz Stats

 Plays Quiz Updated Aug 31, 2017

Score 0/7 Timer 01:00
39 Plays Today
% Correct
Romania
88.3%
Austria
87.5%
Slovakia
81.7%
Croatia
80.3%
Ukraine
78.6%
Serbia
75.5%
Slovenia
65.1%

You're not logged in!

Compare scores with friends on all Sporcle quizzes.
OR
Log In

Sporcle TV

Today on Sporcle TV


Watch our educational content, quiz creation guides, and fun videos on Sporcle TV.

Show Comments

Extras

Top Quizzes Today


Score Distribution

Your Account Isn't Verified!

In order to create a playlist on Sporcle, you need to verify the email address you used during registration. Go to your Sporcle Settings to finish the process.

Report this User

Report this user for behavior that violates our Community Guidelines.

Details: